| 000 | 00435cam a2200181ua 4500 | ||
|---|---|---|---|
| 001 | 3040 | ||
| 008 | 161107n1985 II |||gr||||Z||||||eng | ||
| 040 | _aMAIN | ||
| 041 | _aEnglish | ||
| 082 | _a711.5 54 NEG | ||
| 100 | _aNEGI, B. S. | ||
| 245 | _aREGIONAL GEOGRAPHY OF INDIA | ||
| 260 |
_aMEERUT _bKEDARNATH RAMNATH _c1985 |
||
| 300 |
_a649: _c24CM. |
||
| 653 | _aRegional Geography | ||
| 700 |
_aNEGI, B. S., _eAUTHOR. |
||
| 942 | _cBK | ||
| 999 |
_c3028 _d3028 |
||